000 00730nam a2200265Ia 4500
003 OSt
005 20221007110718.0
006 a|||||r|||| 00| 0
007 ta
008 221006b |||||||| |||| 00| 0 eng d
020 _a057501640X
024 _a21,685
037 _cTextual
040 _aLCO
_cLCO
_beng
041 _2eng
_aeng
082 _aX8(A):9, L3
100 _aHeffer Eric S.
245 0 _aClass Struggle in Parliament Foreword by Michael Foot
260 _aLondon
_bVictor Gollancz Ltd. U.K.
_c1973
300 _a350
500 _aA Socialist View of Industrial Relations
650 _aPARLIAMENT
_9589871
942 _hX8(A):9, L3
_cTEXL
999 _c1191248
_d1191248